Adversários do Brasil nas Copas do Mundo - até 2014 - Statistics

Estatísticas Gerais
  • Esse quiz foi jogado 693 vezes
  • A pontuação média é 38 de 47
Estatísticas das Respostas
Número de Confrontos Adversário % Correto
4 Argentina
99%
2 Alemanha
98%
4 França
95%
5 Itália
95%
2 Portugal
95%
2 Uruguai
95%
1 Colômbia
94%
4 Chile
93%
5 Espanha
93%
5 Holanda
93%
4 Inglaterra
93%
1 Japão
93%
4 México
93%
7 Suécia
93%
2 Croácia
92%
1 Rússia
90%
1 Suíça
90%
1 Bélgica
89%
2 Camarões
89%
1 Austrália
87%
1 China
87%
1 Coreia do Norte
86%
2 Turquia
86%
2 Costa Rica
84%
2 Peru
82%
1 Estados Unidos
81%
1 Noruega
81%
1 Dinamarca
80%
2 Hungria
80%
4 Polônia
80%
1 Gana
79%
1 Costa do Marfim
77%
2 Áustria
75%
1 Bolívia
75%
4 Iugoslávia
75%
1 Bulgária
74%
1 Marrocos
74%
1 Nova Zelândia
73%
4 Escócia
71%
1 Romênia
70%
5 Tchecoslováquia
70%
1 Argélia
67%
1 País de Gales
65%
2 União Soviética
64%
1 Irlanda do Norte
59%
1 Zaire
48%
1 Alemanha Oriental
47%
Nenhum quiz correspondente encontrado
Distribuição das Pontuações
Porcentagem de Pessoas com Cada Pontuação
Percentil de Números Respondidos
Sua Pontuação Histórica
Você não jogou esse quiz